| 000 | 00421 a2200157 4500 | ||
|---|---|---|---|
| 003 | Nust | ||
| 005 | 20170207171639.0 | ||
| 040 | _cNust | ||
| 082 | _a005.1 | ||
| 100 | _aKhan, Sehrish (MSCS-19) | ||
| 245 |
_aWide Spectrum IOS Application Addressing Autistic Requirement and Usability Issues _cSehrish Khan |
||
| 260 |
_aRawalpindi _bMCS,NUST _cMarch-2016 |
||
| 300 | _axii, 83 p | ||
| 650 | _aPG Thesis MSCS | ||
| 651 | _aMSCS-19 | ||
| 942 | _cTHS | ||
| 999 |
_c218071 _d218071 |
||